[Event "GER-ch U18 sf Berlin Online"]
[Site "Playchess.com INT"]
[Date "2020.05.01"]
[Round "5"]
[White "Artukovic, Benjamin"]
[Black "Kullmann, Max"]
[Result "0-1"]
[WhiteElo "1620"]
[BlackElo "1469"]
[PlyCount "52"]
[EventDate "2020.05.01"]
[EventType "swiss (blitz)"]
[EventRounds "13"]
[EventCountry "GER"]
[SourceTitle "CBM 195 Extra"]
[Source "ChessBase"]
[SourceDate "2020.05.31"]
[SourceVersion "1"]
[SourceVersionDate "2020.05.31"]
[SourceQuality "1"]

1. d4 d5 2. Bf4 Bf5 3. e3 Nf6 4. Nf3 e6 5. c3 Nc6 6. Nbd2 Bd6 7. Bg3 0-0 8. Nh4 Bg4 9. Be2 Bxe2 10. Qxe2 Ne7 11. e4 dxe4 12. Nxe4 Nxe4 13. Qxe4 Nd5 14. Nf3 Re8 15. Ne5 Bxe5 16. Bxe5 Qg5 17. h4 Qh5 18. Rh3 Rac8 19. Rg3 f6 20. Bf4 Nxf4 21. Qxf4 e5 22. dxe5 Qxe5+ 23. Qxe5 Rxe5+ 24. Re3 Rce8 25. Ke2 f5 26. f4 Rxe3+ 0-1

[Event "GER-ch U18 sf Berlin Online"]
[Site "Playchess.com INT"]
[Date "2020.05.01"]
[Round "1"]
[White "Deuer, Marius"]
[Black "Artukovic, Benjamin"]
[Result "1-0"]
[WhiteElo "1888"]
[BlackElo "1620"]
[PlyCount "111"]
[EventDate "2020.05.01"]
[EventType "swiss (blitz)"]
[EventRounds "13"]
[EventCountry "GER"]
[SourceTitle "CBM 195 Extra"]
[Source "ChessBase"]
[SourceDate "2020.05.31"]
[SourceVersion "1"]
[SourceVersionDate "2020.05.31"]
[SourceQuality "1"]

1. d4 Nf6 2. c4 d6 3. Nc3 g6 4. e4 Bg7 5. Nf3 Bg4 6. Be2 0-0 7. 0-0 Nbd7 8. Be3 e5 9. h3 Bxf3 10. Bxf3 Re8 11. Qd2 a6 12. Rfe1 exd4 13. Bxd4 Ne5 14. Be2 Qd7 15. Be3 Rad8 16. f4 Nc6 17. Bf3 Re7 18. Nd5 Ree8 19. Rad1 Nxe4 20. Qc2 Nf6 21. Nxf6+ Bxf6 22. c5 Qc8 23. cxd6 cxd6 24. Kh1 Bg7 25. Bd5 Nb4 26. Qb3 Nxd5 27. Qxd5 Rd7 28. Rc1 Qb8 29. Bd4 Bxd4 30. Qxd4 Rxe1+ 31. Rxe1 Qd8 32. Qe4 Kg7 33. f5 Rc7 34. Qf4 Qf6 35. Rf1 g5 36. Qe4 h6 37. Qd5 Re7 38. Qd3 Qe5 39. f6+ Qxf6 40. Rxf6 Kxf6 41. Qxd6+ Re6 42. Qd4+ Ke7 43. b4 Rd6 44. Qa7 Rd1+ 45. Kh2 Rd7 46. a4 b5 47. Qc5+ Rd6 48. axb5 axb5 49. Qxb5 f5 50. Qc5 f4 51. b5 Kd7 52. b6 Rc6 53. Qd5+ Rd6 54. Qb5+ Kc8 55. Qe8+ Kb7 56. Qe7+ 1-0